000 006150000a22001930004500
003 LK-CoMWRAF
005 20230924071317.0
008 230817t ||||| |||| 00| 0 eng d
040 _aLK-CoMWRAF
_dLK-CoMWRAF
_eLK-CoMWRAF
041 _aeng
082 _a294.3
_bDES
100 _aDe Silva, Padmasiri
245 _aThe Ethics of moral indignation and the logic of violence :
_bA Buddhist perspective
260 _aSri Lanka :
_bThe Public trustee department,
_c1984
300 _a28p
650 _aEthics of moral indignation-Buddhist perspective
650 _aLogic of violence-Buddhist perspective
942 _cBK
999 _c955
_d955